| 000 | 01341nam a22002297a 4500 | ||
|---|---|---|---|
| 999 |
_c57796 _d57796 |
||
| 003 | Ge_BSU | ||
| 005 | 20221221150408.0 | ||
| 008 | 201208s2020 ge ||||| |||| 00| 0 geo d | ||
| 041 | _ageo | ||
| 080 | _a821.111+821.353 ქ-16 | ||
| 100 |
_aქათამაძე, თამარ _99857 |
||
| 245 |
_aფენტეზის ჟანრის საერთო ელემენტები ჯონ რონალდ რუელ ტოლკინისა და ნატო დავითაშვილის ნაწარმოებებში / _cთამარ ქათამაძე; სამეცნ. ხელმძღვ. თ. სირაძე. |
||
| 264 |
_aბათუმი, _c2020. |
||
| 300 |
_a137 გვ. _bილ. _c30 სმ. |
||
| 504 | _aბიბლიოგრ. გვ.128-133 | ||
| 653 | _aლიტერატურათმცოდნეობა | ||
| 653 | _aფენტეზის ჟანრი | ||
| 653 | _aდისერტაცია | ||
| 700 |
_aსირაძე, თამარ _eსამეცნ. ხელმძღვანელი _99858 |
||
| 710 |
_aჰუმანიტარულ მეცნიერებათა ფაკულტეტი _bევროპეისტიკის დეპარტამენტი _93276 |
||
| 942 |
_2udc _cDS |
||